Handball Coupe d'Europe 2026 - Tous Equipes - Statistiques

Statistiques générales
  • Ce quiz a été pris 110 fois
    85 depuis la dernière actualisation
  • Le résultat moyen est 15 sur 24
Statistiques - réponses
Groupe Nation % Correct
Gr C France
100%
Gr B Danemark
98%
Gr A Allemagne
93%
Gr A Espagne
93%
Gr C Norvège
91%
Gr B Portugal
89%
Gr E Suède
89%
Gr F Italie
70%
Gr E Croatie
67%
Gr D Suisse
67%
Gr F Islande
63%
Gr E Pays-Bas
59%
Gr F Hongrie
57%
Gr A Serbie
52%
Gr F Pologne
50%
Gr D Slovénie
48%
Gr A Autriche
46%
Gr D Monténégro
46%
Gr B Roumanie
43%
Gr B Macédoine du Nord
41%
Gr C République tcheque
41%
Gr C Ukraine
37%
Gr D Iles Féroé
24%
Gr E Géorgie
9%
Aucun quiz correspondant
Distribution des résultats
% des personnes avec chaque résultat
Percentile par nombre de réponses
Votre historique - résultats
Vous n’avez pas pris ce quiz depuis la dernière actualisation